[Event "Rubinstein Memorial-A 53rd"]
[Site "Polanica Zdroj"]
[Date "2017.08.23"]
[Round "5"]
[White "Hiszczynski, Jakub"]
[Black "Bilczewski, Kacper"]
[Result "0-1"]
[WhiteElo "2005"]
[BlackElo "2191"]
[PlyCount "112"]
[EventDate "2017.08.19"]
[EventType "swiss"]
[EventRounds "9"]
[EventCountry "POL"]
[SourceTitle "CBM 180 Extra"]
[Source "ChessBase"]
[SourceDate "2017.10.06"]
[SourceVersion "1"]
[SourceVersionDate "2017.10.06"]
[SourceQuality "1"]

1. e4 c6 2. d4 d5 3. e5 e6 4. Bd3 c5 5. c3 Nc6 6. Ne2 Bd7 7. Nd2 Qb6 8. Nf3 Nge7 9. 0-0 g6 10. dxc5 Qxc5 11. Ned4 Bg7 12. Be3 Nxd4 13. Nxd4 Qc7 14. Nb5 Bxb5 15. Bxb5+ Nc6 16. f4 0-0 17. Qe2 Rfd8 18. Rfd1 a6 19. Bd3 Rac8 20. Qf2 Qd7 21. Bb6 Re8 22. Rac1 Nb8 23. c4 Qc6 24. Rc2 Bf8 25. Be2 Qa4 26. b3 Qb4 27. Bf3 dxc4 28. Bxb7 Rcd8 29. Rcd2 Rxd2 30. Rxd2 cxb3 31. axb3 Qxb3 32. h4 Re7 33. Bc8 Re8 34. Bb7 a5 35. Kh2 a4 36. Qe3 Qxe3 37. Bxe3 Re7 38. Bf3 Rc7 39. Rd4 a3 40. Ra4 Nd7 41. Ra8 Rc3 42. Bd2 Rb3 43. Bc6 Nb6 44. Ra6 Nc4 45. Bc1 Rc3 46. Bxa3 Rxa3 47. Rxa3 Bxa3 48. Kg3 Nb6 49. Kf3 Nd5 50. Bb5 Bc1 51. g3 Kf8 52. Ba4 Bd2 53. Bb3 Be1 54. g4 Bxh4 55. f5 Be1 56. f6 h5 0-1

[Event "Rubinstein Memorial-A 53rd"]
[Site "Polanica Zdroj"]
[Date "2017.08.22"]
[Round "4"]
[White "Bilczewski, Kacper"]
[Black "Siekierski, Pawel"]
[Result "1-0"]
[WhiteElo "2191"]
[BlackElo "1990"]
[PlyCount "33"]
[EventDate "2017.08.19"]
[EventType "swiss"]
[EventRounds "9"]
[EventCountry "POL"]
[SourceTitle "CBM 180 Extra"]
[Source "ChessBase"]
[SourceDate "2017.10.06"]
[SourceVersion "1"]
[SourceVersionDate "2017.10.06"]
[SourceQuality "1"]

1. e4 c5 2. c3 d6 3. d4 Nf6 4. Bd3 g6 5. Nf3 Bg7 6. 0-0 0-0 7. h3 d5 8. e5 Ne4 9. Qe2 cxd4 10. cxd4 Bf5 11. Nh4 Nc6 12. Be3 Qb6 13. g4 Be6 14. Bxe4 Nxd4 15. Bxd4 Qxd4 16. Bg2 Bxe5 17. Nf3 1-0

[Event "Rubinstein Memorial-A 53rd"]
[Site "Polanica Zdroj"]
[Date "2017.08.21"]
[Round "3"]
[White "Cyborowski, Lukasz"]
[Black "Bilczewski, Kacper"]
[Result "1-0"]
[WhiteElo "2532"]
[BlackElo "2191"]
[PlyCount "45"]
[EventDate "2017.08.19"]
[EventType "swiss"]
[EventRounds "9"]
[EventCountry "POL"]
[SourceTitle "CBM 180 Extra"]
[Source "ChessBase"]
[SourceDate "2017.10.06"]
[SourceVersion "1"]
[SourceVersionDate "2017.10.06"]
[SourceQuality "1"]

1. c4 c6 2. Nf3 d5 3. d4 Nf6 4. e3 e6 5. Nbd2 Nbd7 6. Bd3 Bd6 7. 0-0 0-0 8. e4 dxe4 9. Nxe4 Nxe4 10. Bxe4 h6 11. Bc2 e5 12. Re1 exd4 13. Qxd4 Bc5 14. Qf4 Nf6 15. h3 Be6 16. b3 Qb6 17. Qh4 Rae8 18. Kf1 Bd7 19. Bxh6 gxh6 20. Qxf6 Qd8 21. Qxh6 f5 22. Qg6+ Kh8 23. Ng5 1-0